000 00233nam a2200097Ia 4500
008 190216s9999||||xx |||||||||||||| ||und||
100 _aNambeeshan C N
245 0 _aAdhunika Bouthikam
260 _bKerala Bhasha Institute
942 _cBK
999 _c40279
_d40279